The poets of Haiti, 1782-1934 / (Record no. 12625)

MARC details
000 -LEADER
campo de control de longitud fija 00944cam a22002651 4500
001 - NÚMERO DE CONTROL
campo de control 33872
005 - FECHA Y HORA DE LA ÚLTIMA TRANSACCIÓN
campo de control 20230410101719.0
008 - DATOS DE LONGITUD FIJA--INFORMACIÓN GENERAL
campo de control de longitud fija 740822s1934 meuahf 000 0 eng
035 ## - NÚMERO DE CONTROL DEL SISTEMA
-- (DLC) 34023300
035 ## - NÚMERO DE CONTROL DEL SISTEMA
Número de control de sistema 9230057
010 ## - NÚMERO DE CONTROL DE LA BIBLIOTECA DEL CONGRESO
Número de control de LC 34023300
035 ## - NÚMERO DE CONTROL DEL SISTEMA
Número de control de sistema (OCoLC)987737
040 ## - FUENTE DE CATALOGACIÓN
Centro catalogador/agencia de origen DLC
Centro/agencia transcriptor OU
Centro/agencia modificador NN
-- DLC
050 14 - SIGNATURA TOPOGRÁFICA DE LA BIBLIOTECA DEL CONGRESO
Número de clasificación 110 PQ 3946
Número de ítem U56p 1934
082 ## - NÚMERO DE LA CLASIFICACIÓN DECIMAL DEWEY
Número de clasificación 841.0822
100 1# - ENTRADA PRINCIPAL--NOMBRE DE PERSONA
Nombre de persona Underwood, Edna Worthley,
Fechas asociadas al nombre 1873-
245 14 - MENCIÓN DEL TÍTULO
Título The poets of Haiti, 1782-1934 /
Mención de responsabilidad, etc. translated by Edna Worthley Underwood; woodcuts by Pétion Savain; glossary by Charles F. Pressoir.
260 ## - PUBLICACIÓN, DISTRIBUCIÓN, ETC.
Lugar de publicación, distribución, etc. Portland, Me. :
Nombre del editor, distribuidor, etc. The Mosher Press,
Fecha de publicación, distribución, etc. 1934.
300 ## - DESCRIPCIÓN FÍSICA
Extensión xlii, 159 p., 1 l.
Otras características físicas illus., pl., facsim.
Dimensiones 19 cm.
500 ## - NOTA GENERAL
Nota general Includes short biographical sketches of the poets.
650 #0 - PUNTO DE ACCESO ADICIONAL DE MATERIA--TÉRMINO DE MATERIA
Término de materia o nombre geográfico como elemento de entrada Haitian poetry
Subdivisión general Translations into English.
650 #0 - PUNTO DE ACCESO ADICIONAL DE MATERIA--TÉRMINO DE MATERIA
Término de materia o nombre geográfico como elemento de entrada Haitian poetry (French Creole)
Subdivisión general Translations into English.
942 ## - ELEMENTOS DE ENTRADA SECUNDARIOS (KOHA)
Fuente del sistema de clasificación o colocación Clasificación de Library of Congress
Tipo de ítem Koha
985 ## -
-- OCLC REPLACEMENT
Holdings
Estatus retirado Estado de pérdida Fuente del sistema de clasificación o colocación Estado de daño No para préstamo Colección Biblioteca de origen Biblioteca actual Ubicación en estantería Fecha de adquisición Serial enumeration / chronology Signatura topográfica completa Código de barras Visto por última vez Copia número Tipo de ítem Koha
    Clasificación de Library of Congress     Recursos Regionales Biblioteca Juan Bosch Biblioteca Juan Bosch Recursos Regionales (2do. Piso) 10/04/2023 1 110 PQ 3946 U56p 1934 00000031123 23/10/2018 1